| 000 | 01813cam a2200337 a 4500 | ||
|---|---|---|---|
| 003 | EG-GiCUC | ||
| 005 | 20250223031422.0 | ||
| 008 | 160204s2015 ua h f m 000 0 eng d | ||
| 040 |
_aEG-GiCUC _beng _cEG-GiCUC |
||
| 041 | 0 | _aeng | |
| 049 | _aDeposite | ||
| 097 | _aPh.D | ||
| 099 | _aCai01.11.31.Ph.D.2015.Am.R | ||
| 100 | 0 | _aAmira Aly Mohamed | |
| 245 | 1 | 4 |
_aThe role of HRCT in the evaluation of different smoking related lung diseases in correlation to the patient's clinical data and pulmonary function tests / _cAmira Aly Mohamed ; Supervised Yousriah Yahia Sabri , Irene Mohamed Sabry |
| 246 | 1 | 5 | _aدور الاشعة المقطعية عالية الوضوح فى تقييم أمراض الرئة المختلفة المتعلقة بالتدخين مقارنة بالمظاهر الإكلينيكية ووظائف الرئة |
| 260 |
_aCairo : _bAmira Aly Mohamed , _c2015 |
||
| 300 |
_a110 P. : _bfacsimiles ; _c25cm |
||
| 502 | _aThesis (Ph.D.) - Cairo University - Faculty of Medicine- Department of Radio-diagnosis | ||
| 520 | _aHRCT together with the appropriate clinical evaluation and thorough examination plays and essential role in the evaluation and definite diagnosis of different smoking related lung diseases beside being and easy, non-invasive and a non- time consuming method. So, we can conclude that is highly recommended for the diagnosis and follow up of smoking-related lung diseases and it is considered to be the best diagnostic modality | ||
| 530 | _aIssued also as CD | ||
| 653 | 4 | _aHRCT | |
| 653 | 4 | _aPLCH | |
| 653 | 4 | _aRB-ILD | |
| 700 | 0 |
_aIrene Mohamed Sabry , _eSupervisor |
|
| 700 | 0 |
_aYousriah Yahia Sabri , _eSupervisor |
|
| 856 | _uhttp://172.23.153.220/th.pdf | ||
| 905 |
_aAml _eCataloger |
||
| 905 |
_aNazla _eRevisor |
||
| 942 |
_2ddc _cTH |
||
| 999 |
_c54927 _d54927 |
||